| 000 | 00512nam a2200193Ia 4500 | ||
|---|---|---|---|
| 005 | 20250326145132.0 | ||
| 008 | 250326s9999 xx 000 0 und d | ||
| 037 | _aTextbook | ||
| 040 |
_aFMSL _beng _cFMSL |
||
| 041 |
_aeng _2eng |
||
| 084 |
_aX:74 P9 _qFMSL |
||
| 100 |
_aHunt T _9750710 |
||
| 245 | 0 |
_aPower of social networking _cHunt T |
|
| 260 |
_aNY _bNY, Three Rivers _c2009 |
||
| 365 | _b680.39999999999998 | ||
| 650 | _aManagement | ||
| 942 |
_cTB _hX:74 P9 |
||
| 999 |
_c1306495 _d1306495 |
||